Literature by Letter - R - Statistics

General Stats
  • This quiz has been taken 11,821 times
    11,794 since last reset
  • The average score is 12 of 20
Answer Stats
Hint Answer % Correct
E.M. Forster novel. A critique of Edwardian English culture {Room} with a View, a
86%
Swiss family shipwrecked on an island Robinson
84%
Disease that Cujo and Old Yeller suffered from Rabies
82%
First author to earn a billion dollars J.K. Rowling
81%
Genre of Danielle Steel and Judith McNaught Romance
77%
German fairy tale creature that spins straw into gold Rumplestiltskin
76%
Book of the Bible named for a woman Ruth
74%
Final novel of the "Lord of the Rings" trilogy Return of the King, The
71%
Novel by Evelyn Waugh Brideshead {Revisited}
62%
Augusten Burroughs memoir that may not have been entirely true {Running} With Scissors
62%
Samuel Taylor Coleridge poem about an albatross {Rime} of the Ancient Mariner, the
59%
Term for the letters used in ancient Germanic alphabets Runes
55%
Stephen Crane novel set during the American Civil War {Red} {Badge} of Courage
54%
Author of "Atlas Shrugged" and "Anthem" Ayn Rand
53%
Dylan Thomas line: "____ against the dying of the light" Rage
53%
Cardinal who was the villain of "The Three Musketeers" Richelieu
46%
This American fairy tale character slept for 20 years (first name) Rip Van Winkle
42%
Work by Plato discussing a utopia ruled by philosopher-kings Republic, the
35%
Author of the "Percy Jackson & the Olympians" series Rick Riordan
32%
Titular character of four John Updike novels Rabbit
26%
No matching quizzes found
Score Distribution
Percent of People with Each Score
Percentile by Number Answered
Your Score History
You have not taken this quiz since the last reset